| 000 | 00803nam a2200277Ia 4500 | ||
|---|---|---|---|
| 001 | Para_7443 | ||
| 003 | CHAP | ||
| 008 | 220125s1999 xx 000 0 und d | ||
| 010 | _a206331 | ||
| 040 | _cCHAP | ||
| 082 | _aPA-C 632.3 M4 | ||
| 100 |
_aDampf, Alfonso _9172643 |
||
| 245 |
_aBibliografía del coccobacillus acridiorum D'herelle / _c por Alfonso Dampf |
||
| 260 |
_as.l. : _b s.e. |
||
| 300 | _a4 h. | ||
| 500 | _aEncuadernado con otros impresos similares | ||
| 650 |
_aCoccobacillus acridiorum _x Bibliografía _9172644 |
||
| 650 |
_aFitopatología _x colecciones de escritos _9172523 |
||
| 901 | _aPA-C 632.3 M4 | ||
| 902 | _aA | ||
| 905 | _a00000019-- 0000000000 00 | ||
| 910 | _a19-- | ||
| 942 | _cPARA | ||
| 942 |
_cPARA _d1 |
||
| 999 |
_c206331 _d206331 |
||